| 000 | 00641nam a2200217 a 4500 | ||
|---|---|---|---|
| 999 |
_c3579 _d3579 |
||
| 001 | 3579 | ||
| 003 | BD-JhCC | ||
| 005 | 20171115120346.0 | ||
| 008 | 171115s1397 bg |||| |||| 000 0 ben d | ||
| 035 | _a(BD-JhCC) 3579 | ||
| 040 |
_aBD-JhCC _dBD-JhCC |
||
| 041 | _aben | ||
| 082 |
_a891.4415 _bGOS 1397 |
||
| 100 | _aঘোষ, শঙ্খ | ||
| 245 |
_aকবিতা সংগ্রহ / _c শঙ্খ ঘোষ |
||
| 260 |
_aকলকাতা : _bদে' জ পাবলিশিং, _c১৩৯৭. |
||
| 300 |
_a২৭১ পৃ. : _c২১ সেমি. |
||
| 650 | _aCollection of poems | ||
| 942 |
_2ddc _cBK |
||